Obálka Náhled e-knihy:
Epub
Pro půjčování e-knih musíte být přihlášeni.
Jak si půjčit online?

Avalon Bay. (1), Syndrom hodné holky /

Dvacetiletá Mackenzie "Mac" Cabotová by se pro ostatní rozkrájela, vždy a za všech okolností dělá, co se od ní očekává, a dodržuje pravidla. Má své sny a cíle, přesto aby vyhověla rodičům, nastoupí na univerzitu v přímořském městečku Avalon Bay.

Uloženo v:
Série:Avalon Bay, část 1
Hlavní autor: Kennedy, Elle (Autor)
Další autoři: Ľalíková, Zuzana, 1987- (Autor)
Médium: E-kniha
Jazyk:Czech
Vydáno: Praha : Baronet, 2022
Vydání:Vydání první
Témata:
Příbuzné jednotky:Z cyklu:: Avalon Bay
Tagy:
Žádné tagy
LEADER 02866nam a2200505 i 4500
001 311778
003 CZ PrSKC
005 20260601215711.0
007 ta
008 221206s2022 xr g 000 f cze
015 |a cnb003476364 
020 |a 9788026919438  |q (vázáno) 
035 |a (OCoLC)1369540385 
040 |a ABG001  |b cze  |d ABA001  |e rda 
041 1 |a cze  |h eng 
072 7 |a 821.111-3  |x Anglická próza, anglicky psaná  |2 Konspekt 
080 |a 821.111(71)-31  |2 MRF 
080 |a (0:82-312.5)  |2 MRF 
080 |a (0:82-993)  |2 MRF 
100 1 |a Kennedy, Elle  |7 ola2016904677  |4 aut 
240 1 0 |a Good girl complex.  |l Česky 
245 1 0 |a Avalon Bay.  |n (1),  |p Syndrom hodné holky /  |c Elle Kennedy ; přeložila: Zuzana Ľalíková 
246 3 0 |a Syndrom hodné holky 
250 |a Vydání první 
264 1 |a Praha :  |b Baronet,  |c 2022 
300 |a 384 stran ;  |c 21 cm 
336 |a text  |b txt  |2 rdacontent 
337 |a bez média  |b n  |2 rdamedia 
338 |a svazek  |b nc  |2 rdacarrier 
500 |a Přeloženo z angličtiny 
520 2 |a Dvacetiletá Mackenzie "Mac" Cabotová by se pro ostatní rozkrájela, vždy a za všech okolností dělá, co se od ní očekává, a dodržuje pravidla. Má své sny a cíle, přesto aby vyhověla rodičům, nastoupí na univerzitu v přímořském městečku Avalon Bay.  |b Když však potká místního potížistu Coopera Hartleyho, má Mac chuť hodit všechna pravidla za hlavu. Cooper je otevřený a upřímný drsňák, který obrátí její svět svazovaný pravidly vzhůru nohama, a jejich přátelství se postupně změní v něco vážnějšího. Navzdory svému odporu k potomkům zbohatlíků, kteří se do jeho města sjíždějí za studiem, si Cooper brzy uvědomí, že Mac není jako ostatní, a zamiluje se do ní. Až po uši. Brzy však začne vyvěrat na povrch tajemství, které Cooper před Mac střeží a jež hrozí, že zničí to jediné místo, kde se Mac cítila skutečně jako doma. Nakladatelská anotace. Kráceno. 
546 |a Český text 
655 7 |a kanadské romány (anglicky)  |7 fd139325  |2 czenas 
655 7 |a milostné romány  |7 fd132840  |2 czenas 
655 7 |a erotické romány  |7 fd132211  |2 czenas 
655 9 |a Canadian fiction (English)  |2 eczenas 
655 9 |a love novels  |2 eczenas 
655 9 |a erotic novels  |2 eczenas 
700 1 |a Ľalíková, Zuzana,  |d 1987-  |7 xx0144546  |4 trl 
787 0 8 |i Z cyklu:  |t Avalon Bay  |g 1 
900 |a ABA001  |b 21 
044 |a xr 
910 |a RBIT002 
998 |d 364746  |a https://core.palmknihy.cz/api/books/364746/cover?sgy908  |b https://core.palmknihy.cz/api/books/364746/cover/400?sgy908  |c https://core.palmknihy.cz/api/books/364746/cover/50?sgy908  |e 2026-07-09  |g 384  |i 9788026919438  |j https://core.palmknihy.cz/api/books/364746/preview.epub  |l   |q 49  |r 1  |s https://www.palmknihy.cz/kniha/364746  |t ebook  |y 2022  |z 0  |v Avalon Bay  |w 1 
999 |d 311776